Manuel de psychopathologie du bébé et de sa famille (notice n° 1511977)
[ vue normale ]
| 000 -LEADER | |
|---|---|
| fixed length control field | 00522cam a2200145 4500500 |
| 005 - DATE AND TIME OF LATEST TRANSACTION | |
| control field | 20251012001010.0 |
| 041 ## - LANGUAGE CODE | |
| Language code of text/sound track or separate title | fre |
| 042 ## - AUTHENTICATION CODE | |
| Authentication code | dc |
| 100 10 - MAIN ENTRY--PERSONAL NAME | |
| Personal name | Moro, Marie Rose |
| Relator term | author |
| 245 00 - TITLE STATEMENT | |
| Title | Manuel de psychopathologie du bébé et de sa famille |
| 260 ## - PUBLICATION, DISTRIBUTION, ETC. | |
| Name of publisher, distributor, etc. | La Pensée sauvage,<br/> |
| Date of publication, distribution, etc. | 2010.<br/> |
| 700 10 - ADDED ENTRY--PERSONAL NAME | |
| Personal name | Riand, Raphaël |
| Relator term | author |
| 700 10 - ADDED ENTRY--PERSONAL NAME | |
| Personal name | Plard, Valérie |
| Relator term | author |
| 856 41 - ELECTRONIC LOCATION AND ACCESS | |
| Uniform Resource Identifier | <a href="https://shs.cairn.info/manuel-de-psychopathologie-du-bebe-et-de-sa-famille--9782859192518?lang=fr&redirect-ssocas=7080">https://shs.cairn.info/manuel-de-psychopathologie-du-bebe-et-de-sa-famille--9782859192518?lang=fr&redirect-ssocas=7080</a> |
Pas d'exemplaire disponible.




Réseaux sociaux